000 00516nam a2200181Ia 4500
008 090123s9999 xx 000 0 und d
082 _b17363
100 _aभेंडे सुभाष
245 _aस्मित कथा
250 _a0
260 _bमीनल प्रकाशन
_c1984
300 _a152
600 _aभेंडे सुभाष
630 _aस्मित कथा
700 _aभेंडे सुभाष
730 _aस्मित कथा
942 _cBOOK
999 _c55422
_d55422